000 00366nam a22001697a 4500
003 SGT
020 _a9789389309355
082 _a617.3
_bN21D
100 _aDAMS
245 _aNEXT GENERATION ORTHOPAEDICS WORKBOOK
250 _a1ST
260 _aINDIA
_bDAMS PUB
_c2021
300 _a104
650 _aORTHOPAEDICS
653 _aEXAM BOOK
942 _2ddc
_cBK
999 _c22484
_d22484